000 00966nam a2200265 4500
999 _c13205
_d13205
003 MIRAKIL
005 20190429140014.0
008 190429b tu ||||| |||| 00| 0 tur d
020 _a9786053995012
040 _aTR-AnCHP
_cTR-AnCHP
041 _atur
082 _a305.235
_bS35b 2017
100 1 _aSemerci, Uyan Pınar
245 1 0 _a"Biz"liğin aynasından yansıyanlar :
_bTürkiye gençliğinde kimlikler ve ötekileştirme /
_cPınar Uyan Semerci, Emre Erdoğan, Elif Sandal Önal.
260 _aİstanbul :
_bİstanbul Bilgi Üniversitesi yayınları ,
_c2017.
300 _axvii , 328 s.:
_bgrf., tbl.;
_c23 sm.
490 0 _aİstanbul Bilgi Üniversitesi Yayınları ;
_aAraştırma ;
_v612.
_v12.
504 _aKaynakça ve dizin vardır.
650 0 _95686
_aGrup kimliği
650 0 _95687
_aÖtekilik (felsefe)
650 0 _95688
_a Önyargı
_xTürkiye
700 _95689
_aErdoğan, Emre
700 _95690
_aÖnal Elif Sandal
942 _2ddc
_cBKS